Proposed US States that don't Exist - Statistics

General Stats
  • This quiz has been taken 56 times
  • The average score is 5 of 18
Answer Stats
Location/Name Hint Proposed State % Correct
Eastern Washington and Oregon, named after mountain range Cascadia
57%
Southern Oregon and Northern California, named for an exPOTUS Jefferson
57%
South/Eastern California area, named for exPOTUS that GOP loves Reagan
47%
Northeastern Arizon, named for native tribe Navajo
45%
South Central Texas, named for a well respected exPOTUS Lincoln
40%
Basically all of NY without NYC, existing state's nickname Empire
32%
Western/Coastal Washington, named for Explorer Columbia
28%
Greater Miami, the Keys, and beyond South Florida
23%
Nothern Penninsula of Michigan and Northern Wisconsin Superior
21%
America's Playground as a separate state Vegas
21%
Large metro area in Northern Illinois Chicagoland
17%
Florida panhandle, southern Mississippi, southern Alabama West Florida
13%
Recent California secession concept leaving the "Left Coast" New California
11%
Texas panhandle North Texas
11%
Northern Montana, named for native tribe Chippewa
9%
Southern Maine, but named for a different state North Massachusetts
9%
Oklahoma panhandle Cimarron
6%
California's "Left Coast" Coastal California
6%
No matching quizzes found
Score Distribution
Percent of People with Each Score
Percentile by Number Answered
Your Score History
You have not taken this quiz